000 00224nam a22000857a 4500
008 160714b xxu||||| |||| 00| 0 eng d
100 _92822
_aDickens
245 _aGreat Expectations
260 _aNew Delhi
_bS.Chand Publication
_c2009
999 _c2416
_d2416